Principles of taxation for business and investment planning (Record no. 7485)

MARC details
000 -LEADER
fixed length control field 00813nam a22001817a 4500
020 ## - INTERNATIONAL STANDARD BOOK NUMBER
ISBN 9780073379470
020 ## - INTERNATIONAL STANDARD BOOK NUMBER
ISBN 0073379470
050 ## - CALL NUMBER
Classification number KF6272
Item number .P75
100 ## - AUTHOR
Personal name Jones, M Sally
245 ## - TITLE
Title Principles of taxation for business and investment planning
Statement of responsibility, etc Sally M Jones; Shelley C Rhoades-Catanach
260 ## - PUBLICATION INFORMATION
Place of publication Boston :
Name of publisher McGraw-Hill Irwin,
Year of publication ©2009.
300 ## - DESCRIPTION
Number of Pages xxv, 598 pages :
Other physical details illustrations ;
Dimensions 26 cm
500 ## - NOTES
General note Includes index
505 ## - FORMATTED CONTENTS NOTE
Table of Content Exploring the tax environment --<br/>Fundamentals of tax planning --<br/>The measurement of taxable income --<br/>The taxation of business income --<br/>The individual taxpayer --<br/>The tax compliance process.<br/>
650 ## - SUBJECTS
Topical Term Taxation -- Law and legislation -- Unites States.
650 ## - SUBJECTS
Topical Term Tax planning -- Unites States. Besteuerungsverfahren
942 ## - ADDED ENTRY ELEMENTS (KOHA)
Koha item type Books
Holdings
Withdrawn status Lost status Home library Current library Shelving location Date acquired Full call number Accession Number Koha item type
    Methodist University Library Main Methodist University Library Main General Stacks 10/12/2010 KF6272 .P75 31282 Books
Copyright © 2026  MUG Library